詩篇(上冊) : (Record no. 20436)
[ view plain ]
| 000 -LEADER | |
|---|---|
| fixed length control field | 00846nam a2200217 4500 |
| 008 - FIXED-LENGTH DATA ELEMENTS--GENERAL INFORMATION | |
| fixed length control field | 040702s1996 -hk chi |
| 020 ## - INTERNATIONAL STANDARD BOOK NUMBER | |
| International Standard Book Number | 9622948952 : |
| Terms of availability | NT488.00 |
| 020 ## - INTERNATIONAL STANDARD BOOK NUMBER | |
| International Standard Book Number | 9789622948952 |
| 090 ## - LOCALLY ASSIGNED LC-TYPE CALL NUMBER (OCLC); LOCAL CALL NUMBER (OCLC) | |
| Classification number (OCLC) (R) ; Classification number, CALL (RLIN) (NR) | BS498.C5 |
| Local cutter number (OCLC) ; Book number/undivided call number, CALL (RLIN) | C44h |
| 100 1# - MAIN ENTRY--PERSONAL NAME | |
| Personal name | 周郁晞 Zhou, Yuxi |
| 245 10 - TITLE STATEMENT | |
| Title | 詩篇(上冊) : |
| Remainder of title | 中文聖經註釋 第十四卷 =The Psalms (I) |
| Statement of responsibility, etc | 周郁晞, 潘朝偉Timothy Chow, general ed., Chow Lien Hwa. |
| 260 ## - PUBLICATION, DISTRIBUTION, ETC. (IMPRINT) | |
| Place of publication, distribution, etc | Hong Kong : |
| Name of publisher, distributor, etc | 基督教文藝出版社 Chinese Christian Literature Council Ltd, |
| Date of publication, distribution, etc | c1996. |
| 300 ## - PHYSICAL DESCRIPTION | |
| Extent | 599 p. ; |
| Dimensions | 22 cm. |
| 490 ## - SERIES STATEMENT | |
| Series statement | 中文聖經註釋 Zhong wen Sheng jing zhu shi ; |
| -- | Chinese Bible commentary; |
| Volume number/sequential designation | vol.14 |
| 630 ## - SUBJECT ADDED ENTRY--UNIFORM TITLE | |
| Uniform title | Bible. |
| Name of part/section of a work | Psams. |
| General subdivision | Commentaries {ch}. |
| 650 #4 - SUBJECT ADDED ENTRY--TOPICAL TERM | |
| Topical term or geographic name as entry element | Bible. O.T. Psalms |
| General subdivision | Commentaries {ch}. |
| 951 ## - EQUIVALENCE OR CROSS-REFERENCE-GEOGRAPHIC NAME/AREA NAME [OBSOLETE] [CAN/MARC only] | |
| General subdivision | 00028037 |
| 700 1# - ADDED ENTRY--PERSONAL NAME | |
| Personal name | Chow, Timothy |
| 700 1# - ADDED ENTRY--PERSONAL NAME | |
| Personal name | Hwa, Chow Lien |
| 942 ## - ADDED ENTRY ELEMENTS (KOHA) | |
| Source of classification or shelving scheme | Library of Congress Classification |
| Item type | Books |
| Withdrawn status | Lost status | Source of classification or shelving scheme | Damaged status | Not for loan | Home library | Current library | Shelving location | Date acquired | Serial Enumeration / chronology | Inventory number | Shelving control number | Total Checkouts | Full call number | Barcode | Date last seen | Price effective from | Koha item type | Source of acquisition | Copy number |
|---|---|---|---|---|---|---|---|---|---|---|---|---|---|---|---|---|---|---|---|
| Library of Congress Classification | BSOP Library | BSOP Library | Reference Chinese | 12/21/2000 | v. 14 | C-5288 | 127 | BS498.C5 C44h v. 14 | 00028037 | 02/23/2013 | 02/23/2013 | Books | |||||||
| Library of Congress Classification | BSOP Library | BSOP Library | Chinese Books (General Circulation) | 09/05/2014 | v. 14 | C-12186 | BS498.C5 C44h v. 14 | 00044586 | 09/05/2014 | 09/05/2014 | Books | ||||||||
| Library of Congress Classification | BSOP Library | BSOP Library | Chinese Books (General Circulation) | 07/04/2015 | v.14 | C-14380 | CH BS498.C5 C44h V.14 c.2 | 00046784 | 07/04/2015 | 07/04/2015 | Books | c.2 |
